00000000nam##2200000za#4500
0019.577582
003CaOODSP
00520210624185659
007cr |||||||||||
008150406|1982||||xxc|||||o    f|0| 0 eng|d
022 |a1488-5379
040 |aCaOODSP|beng
043 |an-cn---
0861 |aFs97-6/973E-PDF
1101 |aCanada. |bDepartment of Fisheries and Oceans.
24514|aThe interaction of lobster, scallop, and Irish moss fisheries off Borden, Prince Edward Island / |h[electronic resource]|cby J.D. Pringle and D.J. Jones.
260 |aHalifax - Nova Scotia : |bFisheries and Oceans Canada |c1982.
300 |a25p.|bfigs., references, tables
4901 |aCanadian technical report of fisheries and aquatic sciences|x1488-5379|vNo. 973
500 |aOn t.p.: Resources Branch, Halifax, N.S. The catalogue number and ISSN for the print edition appear in the PDF version.
546 |a(Résumé en français)
590 |a13-24-Supp|b2013-10-18
7201 |aPringle, J. D.
7201 |aJones, D. J.
830#0|aCanadian technical report of fisheries and aquatic sciences,|x1488-5379|vNo. 973|w(CaOODSP)9.504449
85640|ahttp://publications.gc.ca|qPDF|s1844 KB|uhttps://publications.gc.ca/collections/collection_2013/mpo-dfo/Fs97-6-973-eng.pdf|yNo. 973